000 00528nam a2200217Ia 4500
003 OSt
005 20220924133309.0
006 a|||||r|||| 00| 0
007 ta
008 220923b |||||||| |||| 00| 0 san d
024 _a263767
037 _cTextual
040 _aARTS
_cARTS
_bsan
041 _2san
_asan
082 _aO15,1A1:g, 157M9
100 _aBhattacharya
245 0 _aRamayana katha
260 _c1989
942 _hO15,1A1:g, 157M9
_cTEXL
_2CC
999 _c433317
_d433317